Crime: rape - Statistics

General Stats
  • This quiz has been taken 159 times
  • The average score is 4 of 15
Answer Stats
Hint Answer % Correct
10. USA
93%
14. UK (most likely of which in N.Ireland)
65%
1. South Africa
52%
4. Canada
50%
2. Australia
42%
7. Sweden
39%
9. New Zealand
26%
13. Belgium
12%
5. Jamaica
12%
8. Zimbabwe
11%
15. Panama
7%
11. Nicaragua
6%
12. Barbados
4%
6. Suriname
4%
3. Swaziland
4%
No matching quizzes found
Score Distribution
Percent of People with Each Score
Percentile by Number Answered
Your Score History
You have not taken this quiz